عرض عادي
عرض مارك
- دايفيدسون، جانيت إ.
مدخل إسم شخص
001 - رقم الضبط
- حقل الضبط: 37326
003 - معرف رقم الضبط
- حقل الضبط: OSt
005 - تاريخ ووقت أخر عملية
- حقل الضبط: 20130925180112.0
008 - عناصر بيانات ثابتة الطول
- حقل تحكم ثابت الطول: 130925|||a|||||| | ||| d
040 ## - مصدر الفهرسة
- هيئة الفهرسة الأصلية: OSt
- وكالة الكتابة: OSt
100 ## - مدخل -- أسم شخص
- إسم شخص: دايفيدسون، جانيت إ.
670 ## - بيانات المصدر موجوده
- الاستشهاد بالمصدر: Work cat.: (OSt): ستيرنبيرج، روبرت ج. 37324, مفاهيم الموهبة /, 2012
